| 000 | 00413nam a2200133Ia 4500 | ||
|---|---|---|---|
| 008 | 220615s9999||||xx |||||||||||||| ||und|| | ||
| 020 | _a9780260000000 | ||
| 100 | _aBlauert, Jens | ||
| 245 | 0 |
_aSpatial Hearing _bThe Psychophysics of Human Sound Localization |
|
| 546 | _aEnglish[eng] | ||
| 650 | _aNeurology and clinical neurophysiology | ||
| 856 | _uhttps://doi.org/10.7551/mitpress/6391.001.0001 | ||
| 942 | _cEB | ||
| 999 |
_c12733 _d12733 |
||